|
|
|
|
| LEADER |
00000nam0a2200000 4500 |
| 001 |
321727 |
| 005 |
20231102003414.0 |
| 035 |
|
|
|a (RuTPU)RU\TPU\book\347283
|
| 090 |
|
|
|a 321727
|
| 100 |
|
|
|a 20160905d1952 km y0engy50 ba
|
| 101 |
0 |
|
|a eng
|
| 102 |
|
|
|a RU
|
| 105 |
|
|
|a a z 001zy
|
| 200 |
1 |
|
|a Theory of elasticity and plasticity
|f H. M. Westergaard
|
| 210 |
|
|
|a New York
|a Cambridge
|c Harvard University Press
|c John Wiley & Sons,Inc
|d 1952
|
| 215 |
|
|
|a 176 p.
|c il.
|
| 225 |
1 |
|
|a Harvard Monographs in Applied Saience
|v № 3
|
| 320 |
|
|
|a Author Index: p. 171-172
|
| 320 |
|
|
|a Subject Index: p. 173-176
|
| 606 |
1 |
|
|a Пластичность, теория
|2 stltpush
|3 (RuTPU)RU\TPU\subj\49068
|9 67879
|
| 610 |
1 |
|
|a эластичность
|
| 610 |
1 |
|
|a упругость
|
| 610 |
1 |
|
|a материалы
|
| 610 |
1 |
|
|a сопротивление материалов
|
| 610 |
1 |
|
|a история
|
| 610 |
1 |
|
|a эксперименты
|
| 610 |
1 |
|
|a методы
|
| 610 |
1 |
|
|a напряжение
|
| 610 |
1 |
|
|a деформация
|
| 610 |
1 |
|
|a закон Гука
|
| 610 |
1 |
|
|a уравнения
|
| 610 |
1 |
|
|a полые цилиндры
|
| 610 |
1 |
|
|a сферы
|
| 610 |
1 |
|
|a инерция
|
| 610 |
1 |
|
|a тепловые напряжения
|
| 610 |
1 |
|
|a смещение
|
| 610 |
1 |
|
|a формулы Ламе
|
| 610 |
1 |
|
|a метод Галеркина
|
| 610 |
1 |
|
|a векторы
|
| 610 |
1 |
|
|a коэффициент Пуассона
|
| 610 |
1 |
|
|a вертикальная сила
|
| 610 |
1 |
|
|a горизонтальная сила
|
| 610 |
1 |
|
|a расчеты
|
| 610 |
1 |
|
|a задачи
|
| 610 |
1 |
|
|a твердые тела
|
| 610 |
1 |
|
|a сдвиги
|
| 610 |
1 |
|
|a английский язык
|
| 675 |
|
|
|a 539.5
|v 4
|
| 700 |
|
1 |
|a Westergaard
|b H. M.
|
| 801 |
|
1 |
|a RU
|b 63413507
|c 20160905
|
| 801 |
|
2 |
|a RU
|b 63413507
|c 20200623
|g RCR
|
| 942 |
|
|
|c BK
|